Les maladies canines - Maladie de carré et l'hépatite - Statistiques

Statistiques générales
  • Ce quiz a été pris 101 fois
    84 depuis la dernière actualisation
  • Le résultat moyen est 8 sur 10
Statistiques - réponses
Question Réponse % Correct
La maladie de Carré (Distemper) touche principalement les... Chiots
93%
Quelle est la meilleure prévention pour l'hépatite ? Vaccination
93%
Quel traitement est recommandé pour l'hépatite ? Soins intensifs: antibiotiques et anti-inflammatoires
89%
La maladie de Carré (Distemper) est transmissible par... Aérosols (sécrétions), direct et indirect
81%
Comment se transmet l'hépatite chez le chien ? Par ingestion d'urine, de selles ou de salive d'un chien infecté
81%
Quel est le % des chiens atteints de l'hépatite qui en décèdent ? 20%
74%
Quels sont les premiers symptômes de l'hépatite ? Fièvre et enflure des amygdales
70%
Quelle est la meilleure prévention pour la maladie de Carré (Distemper) dans les choix suivants ? Éviter les endroits à risque
67%
Quelles races sont plus prédisposées à développer l'hépatite ? Beagle et Caniche
59%
Quels sont les symptômes de la maladie de Carré (Distemper) ? Manque d'appétit et fièvre
56%
Aucun quiz correspondant
Distribution des résultats
% des personnes avec chaque résultat
Percentile par nombre de réponses
Votre historique - résultats
Vous n’avez pas pris ce quiz depuis la dernière actualisation